000 01950nam a2200325 a 4500
001
003 DO-SdBNP
005 20220407081747.0
008 091013s2009 dr 001 0 spa d
020 _a9789945020717
040 _aDO-SdBNP
_bspa
_cBPMSU
082 _a025.84
_bG393r 2009
_222
245 0 0 _aGestión de riesgos para la prevención y mitigación de desastres en el patrimonio documental /
_cSofía Borrego Alonso... [et al.] ; edición Lillibel Noemí Blanco Fernández.
260 _aSanto Domingo :
_bArchivo General de la Nación,
_c2009.
300 _a148 p. :
_bil., retr. ;
_c23 cm.
490 0 _aArchivo General de la Nación,
_v84
504 _aIncluye bibligrafía (p. 85 -87 )
505 0 _aIntroducción 9 -- TIPOLOGÍA DE DESASTRES Y FENÓMENOS DE DESTRUCCIÓN ASOCIADOS 13 -- Clasificación de los desastres según su extensión 13 -- Clasificación según su naturaleza 15 -- Fenómenos de destrucción asociados 20 -- PLANIFICACIÓN PARA ENFRENTAR SITUACIONES DE DESASTRES 23 -- Otros aspectos en tener en cuenta en el proceso de planificación 26 -- Personal implicado en el proceso de planificación. Asignación de responsabilidades 27 -- Aspectos a tener en cuenta para la definición del plan de trabajo del equipo de desastre 33 -- Redacción del plan 41 -- Mantenimiento del plan 43 -- Prevención 43 -- Adquisición de medios materiales 51 -- INTERVENCIÖN O RESPUESTA 61 -- Salvamento y rescate del patrimonio documental afectado 66
590 _6Inventariado,2022/VM
650 4 _aConservación y restauración de documentos
650 4 _aConservación y restauración de manuscritos
700 1 _aBorrego Alonso, Sofía
700 1 _aDorta Valdéz, Maritza
700 1 _aPérez Lara, Ana
700 1 _aMirabal Villason, Maritza
700 1 _aBlanco Fernández, Lillibel Noemí
710 2 _a Archivo General de la Nación (República Dominicana)
910 _aVMateo V.
942 _2ddc
_cBK
999 _c14145
_d14145